Normal view
MARC view
- Flick, Uwe
Entry Personal Name
001 - CONTROL NUMBER
- control field: 3693
003 - CONTROL NUMBER IDENTIFIER
- control field: CBULib
005 - DATE AND TIME OF LATEST TRANSACTION
- control field: 20241004071731.0
008 - FIXED-LENGTH DATA ELEMENTS
- fixed length control field: 241004|| aca||aabn | a|a d
040 ## - CATALOGING SOURCE
- Original cataloging agency: CBULib
100 ## - HEADING--PERSONAL NAME
- Personal name: Flick, Uwe
- Dates associated with a name: 1956-
- Relator term: author